| 000 | 00341nam a2200133Ia 4500 | ||
|---|---|---|---|
| 005 | 20251222144656.0 | ||
| 008 | 251222s9999||||xx |||||||||||||| ||spa|| | ||
| 020 | _a84-368-1895-4 | ||
| 082 | _a371.334/A69 | ||
| 100 | _aArea Moreira, Manuel | ||
| 245 | 0 | _aLos Medios y las Tecnologías en la Educación | |
| 264 | _bPirámide | ||
| 942 | _cLIB | ||
| 999 |
_c17273 _d17273 |
||